Quotes about Love Quiz Stats

 Plays Quiz Updated Feb 12, 2018

Also try: Where Is The Love?
Challenge
Share
Tweet
Embed
Score 0/18 Timer 04:00
1 Play Today
% Correct
Lost
85.1%
Heart
84.3%
Burden
81.5%
Creating
78.2%
Happiness
70.9%
Fire
70.6%
Ordinary
66.3%
Friend
62.3%
Reality
60.4%
% Correct
Courage
55.9%
Spring
54.8%
Strength
52.7%
Friendship
47.7%
Trust
47.2%
Hell
33.8%
Gravitation
29%
Madness
23.6%
Life
16.3%

You're not logged in!

Compare scores with friends on all Sporcle quizzes.
Join for Free
OR
Log In

You Might Also Like...

Show Comments

Extras

Top Quizzes Today


Score Distribution

Your Account Isn't Verified!

In order to create a playlist on Sporcle, you need to verify the email address you used during registration. Go to your Sporcle Settings to finish the process.

Report this User

Report this user for behavior that violates our Community Guidelines.

Details: